| 000 | 00539nam a22001817a 4500 | ||
|---|---|---|---|
| 003 | OSt | ||
| 005 | 20120302151557.0 | ||
| 008 | 091114t xxu||||| |||| 00| 0 eng d | ||
| 035 | _a१६१३५ | ||
| 040 | _cमराठी | ||
| 100 |
_aवर्तक, एन. डी. _910172 |
||
| 222 | _aकोडी/ बौध्दिक खेळ | ||
| 245 | _aचटकदार कोडी | ||
| 250 | _a१ ली | ||
| 260 |
_aपुणे _bजयदीप _c१९९१ |
||
| 300 | _b३८ पाने | ||
| 942 |
_2ddc _cBOOK |
||
| 999 |
_c494896 _d494893 |
||